|
|
|
|
| LEADER |
00000cas a2200000 a 4500 |
| 003 |
Ucuenca |
| 005 |
20230308223550.0 |
| 008 |
012030|2012 ec |||||r|||||||||||spa|| |
| 022 |
|
|
|a 1390-4450
|
| 040 |
|
|
|b spa
|
| 041 |
0 |
|
|a es
|
| 082 |
0 |
|
|a 610.5
|b U48r
|
| 110 |
2 |
|
|a Universidad de Cuenca.
|b Facultad de Ciencias Médicas.
|9 198906
|
| 245 |
|
|
|a Revista de la Facultad de Ciencias Médicas
|c Universidad de Cuenca. Facultad de Ciencias Médicas
|h imp
|
| 264 |
|
|
|a Cuenca
|b Universidad de Cuenca
|c 2012
|
| 300 |
|
|
|a 84 páginas:
|b ilu
|c 29.5 cm
|
| 362 |
|
|
|a vol. 30, no. 1 (enero 2012)
|
| 505 |
1 |
|
|a Estudio comparativo entre la atención del alumbramiento activo modificado y la atención del alumbramiento activo. -- Instrumento de medición de resiliencia adolescente. --Sumak Kawsay y salud. -- Prevalencia y factores asociados a malnutrición en adultos mayores institucionalizados, Cuenca-Ecuador, 2007. -- El cáncer, un problema de salud pública en el Ecuador y en el cantón Cuenca. -- Prevalencia de cáncer de cuello uterino en el Ecuador y estrategias para su reducción. --Reflexiones sobre el modelo de salud del Ministerio de Salud Pública a propósito de la experiencia del Área de Salud No. 2 Miraflores. Cuenca, 2010. -- Telemedicina y Telesalud en la Facultad de Ciencias Médicas de la Universidad de Cuenca. -- Síndrome de Burnout en estudiantes del internado rotativo del Hospital Vicente Corral Moscoso. Octubre 2010. -- Analgesia preventiva: ketoprofeno-levobupivacaina en colecistectomía laparoscópica comparada con el efecto de su administración postoperatoria -- Normas para la publicación de artículos científicos en la revista de la Facultad.
|
| 650 |
|
|
|a Facultad de ciencias medicas
|9 10568
|
| 852 |
|
|
|a UC-SALUD
|l 1
|m General
|p 20120307
|t si1628
|b 0
|d CDRS
|e CDRS
|g 610.05 ESTANTERIA ABIERTA
|u http://nas.ucuenca.edu.ec/BibliotecaDigital/ebooks/si1628.pdf
|z 2012-20-30
|
| 856 |
|
|
|u http://nas.ucuenca.edu.ec/BibliotecaDigital/ebooks/si1628.pdf
|
| 942 |
|
|
|c SER
|2 ddc
|r denisse.artiles@ucuenca.edu.ec
|
| 999 |
|
|
|c 145412
|d 145412
|